Tratado completo de hidrología médica (Record no. 69293)

MARC details
000 -LEADER
campo de control de longitud fija 00744nam a2200193 i 4500
001 - NÚMERO DE CONTROL
campo de control 69293
003 - IDENTIFICADOR DE NÚMERO DE CONTROL
campo de control ES-MaACL
005 - FECHA Y HORA DE LA ÚLTIMA TRANSACCIÓN
campo de control 20230906170503.0
007 - CAMPO FIJO DE DESCRIPCIÓN FÍSICA--INFORMACIÓN GENERAL
campo de control de longitud fija t|
008 - DATOS DE LONGITUD FIJA--INFORMACIÓN GENERAL
campo de control de longitud fija 040702s1942 sp ||||1| spa d
100 1# - ENTRADA PRINCIPAL--NOMBRE DE PERSONA
Nombre de persona García Ayuso, Juan de Dios.
9 (RLIN) 54203
245 10 - MENCIÓN DEL TÍTULO
Título Tratado completo de hidrología médica
Resto del título : climatología y legislación balnearia, obra de utilidad práctica, para médicos hidrólogos /
Mención de responsabilidad, etc. Juan de Dios García Ayuso ; prólogo de [José] Velasco Pajares.
260 ## - PUBLICACIÓN, DISTRIBUCIÓN, ETC.
Lugar de publicación, distribución, etc. Madrid :
Nombre del editor, distribuidor, etc. Instituto Editorial Reus,
Fecha de publicación, distribución, etc. 1942.
300 ## - DESCRIPCIÓN FÍSICA
Extensión XII, 463 p. ;
Dimensiones 23 cm.
650 04 - PUNTO DE ACCESO ADICIONAL DE MATERIA--TÉRMINO DE MATERIA
Término de materia o nombre geográfico como elemento de entrada Hidroterapia.
9 (RLIN) 13343
650 #4 - PUNTO DE ACCESO ADICIONAL DE MATERIA--TÉRMINO DE MATERIA
Término de materia o nombre geográfico como elemento de entrada Balnearios-
Subdivisión general Reglamentos.
9 (RLIN) 135662
700 1# - ENTRADA AGREGADA--NOMBRE PERSONAL
Nombre de persona Velasco Pajares, José.
9 (RLIN) 113769
852 ## - LOCALIZACIÓN
Ubicación ES-MaACL
Número de control de estantería E-199
Sublocalización o colección R.21505
Holdings
Estatus retirado Estado de pérdida Estado de daño No para préstamo Biblioteca de origen Biblioteca actual Ubicación en estantería Fecha de adquisición Fuente de adquisición Total de préstamos Signatura topográfica completa Código de barras Visto por última vez Precio de reemplazo Tipo de ítem Koha
        Biblioteca del Ateneo de Madrid Biblioteca del Ateneo de Madrid Depósito 2 17/01/2008     E-199 1072562 23/02/2023 23/02/2023 Libro impreso